00672nam a2200181 a 450000100060000000300080000600500170001400800410003103500190007204000260009104100080011708200220012511000320014724501220017926000820030130000850038365000220046875049BD-RjUL20211209082634.0190114s1961 ca af||| |||| 00| 0 eng d a(BD-RjUL)75267 aBD-RjULbengcBD-RjUL aeng 223a555bHUR 1961 aHunting Survey Corporation.10aReconnaissance geology of part of West Pakistan : a Colombo Plan co-operative project /cHunting Survey Corporation. aToronto, Ont. :b Government of Canada for the Government of Pakistan, c1961 axliii, 550, 172 pages :b illustrations, maps (3 columns, fol.), plates ,c28 cm aGeologyzPakistan